| 000 | 00457nam a2200181Ia 4500 | ||
|---|---|---|---|
| 001 | 25213 | ||
| 005 | 20260414151135.0 | ||
| 008 | 260414t2020||||xx |||||||||||||| ||spa|| | ||
| 041 | _aESP | ||
| 082 |
_a346.4 _bM42 |
||
| 100 |
_aMeneses Gómez, Alberto, _eAUT |
||
| 245 | 0 |
_aManual operativo para regularizar el derecho de propiedad _b |
|
| 260 | _c2020 | ||
| 300 |
_a318 páginas : _c\N |
||
| 650 | _aDER | ||
| 654 | _aCDE | ||
| 942 |
_cLIB _dJUS _fJUS _2ddc _n |
||
| 999 |
_c25213 _d25213 |
||